000 00777nmm a2200301 a 4500
003 AR-BaBNM
005 20251128204900.0
008 076019s1991 ||||||||||||||000 | spa||
020 _a84-7133-567-0
040 _cAR-BaBNM
100 1 _aFerrero, Luis
245 1 0 _aEl juego y la matemática
250 _a1ª ed.
260 _aMadrid
_bLa Muralla
_c1991
300 0 _bil., gráfs.
504 _aBibliografía al final del libro
650 4 _aENSENANZA DE LAS MATEMATICAS
650 4 _aJUEGOS EDUCATIVOS
650 4 _aGEOMETRIA
650 4 _aTECNICAS DIDACTICAS
650 4 _aACTIVIDADES DE APRENDIZAJE
650 4 _aCREATIVIDAD
650 4 _aSOLUCION DE PROBLEMAS
650 4 _aPENSAMIENTO LOGICO
651 4 _aEspaña
942 _cBK
998 _cCarmen
999 _c9179
_d9179